Riconosci il Pokémon - Quiz n°653 - Statistics

Statistiche generali
  • Questo quiz è stato fatto 0 volte
  • Il punteggio medio è 0 su 10
Statistiche sulle risposte
Indizio Riposta % Corretto
Altezza 1,3 m
0%
Peso 35,3 kg
0%
Sesso 50% ♂, 50% ♀
0%
Tasso di cattura 55 (13.9%)
0%
Tipo Acqua
0%
Pokémon Clawitzer
0%
Tasso di allevamento Lento
0%
Abilità Megalancio
0%
Stadio evoluzione Prima evoluzione
0%
Generazione Sesta
0%
Nessun quiz corrispondente trovato
Distribuzione punteggi
Percentuale di utenti per punteggio
Percentile per numero di risposta
I tuoi punteggi nel tempo
Non hai fatto questo quiz